Geometria per la scuola media. Maria T. Gazzetti, Adriana Urban

Gespeichert in:
Bibliographische Detailangaben
1. Verfasser: Gazzetti, Maria T..
Weitere Verfasser: Gazzetti, Maria T. Urban, Adriana.
Format: Buch
Sprache:Italienisch
Erschienen: Edizioni Ando 1965
Katalog:EDISCO:  Suchergebnis im Bibliothekskatalog
Schulbuchspezifische Eigenschaften:
Tags: Tag hinzufügen
Keine Tags, Fügen Sie den ersten Tag hinzu!
Hinzugefügt zu:30.04.2016
Geändert in:04.10.2017

MARC

LEADER 00000aam a22000007 4500
001 20016
003 OSt
005 20171004090357.0
008 160501s1965 it 000 0 ita
040 |c Paola Zonca - Torino - SBN 
041 1 |a ita 
100 1 |a Gazzetti, Maria T.. 
245 0 0 |a Geometria per la scuola media. Maria T. Gazzetti, Adriana Urban 
260 |b Edizioni Ando  |c 1965 
300 |a 465 p. : i, ;   |c 23 cm 
901 |a 7 
700 1 |a Gazzetti, Maria T.  |a Urban, Adriana. 
942 |2 ddc  |c BK 
546 |a ita 
999 |c 20005  |d 20005 
999 |c edisco:20005  |d 20005